[Event "Candidates Tournament"]
[Site "Berlin"]
[Date "2018.03.26"]
[Round "13"]
[White "Ding, Liren"]
[Black "Kramnik, Vladimir"]
[Result "1/2-1/2"]
[WhiteElo "2769"]
[BlackElo "2800"]
[Annotator "Roiz,M"]
[PlyCount "94"]
[EventDate "2018.03.10"]
[EventType "tourn"]
[EventRounds "14"]
[EventCountry "GER"]
[EventCategory "22"]
[SourceTitle "CBM 184"]
[Source "ChessBase"]
[SourceDate "2018.05.16"]
[SourceVersion "1"]
[SourceVersionDate "2018.05.16"]
[SourceQuality "1"]

1. c4 e6 2. Nc3 c5 3. Nf3 Nf6 4. g3 b6 5. e4 {Quite a rare continuation. Ding
Liren is deviating from theoretical discussion in the main lines of Hedgehog.}
Bb7 6. d3 d6 7. Bg2 g6 {The double finachetto makes Black's setup very
flexible.} ({Seemingly, there is also nothing wrong with} 7... Be7 8. O-O O-O {
For instance,} 9. Ng5 Nc6 10. f4 Nd7 11. h4 Nd4 12. Be3 h6 13. Nf3 Nxf3+ 14.
Bxf3 Bf6 $132 {Morozevich,A - Sargissian,G Yerevan 2008}) 8. O-O Bg7 9. Re1 O-O
10. d4 {Eventually White takes the game to Hedgehog paths, but the resulting
position isn't so researched.} cxd4 11. Nxd4 a6 12. b3 Nbd7 13. Ba3 $146 {
This innovation hardly makes this position more attractive for White - the
pressure along the a3-f8 diagonal turns out to be ineffective.} (13. Bb2 {
was checked on a high level a long time ago:} Qc7 14. Re2 (14. Qe2 Rad8 15.
Rad1 Nc5 16. f4 e5 17. fxe5 dxe5 18. Nc2 Rxd1 19. Rxd1 Rd8 20. Nd5 Nxd5 21.
cxd5 a5 $132 {Huebner,R - Spassky,B Solingen 1977}) 14... Rad8 15. Qe1 Qb8 16.
Rd1 Nc5 17. f3 Rfe8 $132 {Portisch,L - Spassky,B Mexico 1980}) 13... Nc5 14. b4
$5 {A committal decision, but there is a concrete idea behind it.} ({The quiet
} 14. Qd2 Qc7 15. Rad1 Rfd8 $11 {wouldn't offer much.}) 14... Ncd7 15. b5 Ne8
$5 {This way of protecting the d6-pawn isn't the most obvious.} (15... Ne5 16.
Nc6 Nxc6 17. bxc6 Bxc6 18. Bxd6 Re8 19. e5 Bxg2 20. Kxg2 Nd7 21. Rb1 {leaves
Black's pieces rather passive, even though it's still close to equal.}) ({
I guess, the natural} 15... Nc5 {was rejected by Vladimir in view of} 16. e5
Bxg2 17. Kxg2 dxe5 18. Nc6 Qc7 19. Bxc5 bxc5 20. a4 $44 {The strong Nc6 offers
White full compensation for the pawn.}) 16. Rc1 Ne5 17. Qe2 (17. bxa6 $5 {
deserved some consideration:} Bxa6 (17... Rxa6 18. Bb4 Nxc4 19. Bf1 $36) 18.
Ncb5 Nxc4 19. Rxc4 Bxd4 20. Rxd4 Bxb5 21. Bb4 e5 22. Rd2 {with good play for
the pawn.}) 17... axb5 18. Ndxb5 {In the resulting complex position both sides
have clear targets for the attack.} (18. Ncxb5 Ra4 19. f4 Nc6 $132) 18... g5 $5
{Once again in this event, Vladimir is aiming to complicating matters!} ({
The quieter} 18... Rc8 19. Na4 Ra8 20. Qc2 Ra6 $132 {would have kept the
balance.}) 19. h3 $2 {This is too passive.} ({Black's strategic idea is
well-illustrated in the following line:} 19. Red1 g4 20. Bb4 Qg5 21. Nxd6 Nxd6
22. Bxd6 Rfc8 {The activity of Black's pieces fully compensates for the pawn.
However, White should still go for it!}) 19... f5 $1 {Kramnik takes his chance,
so Black manages to extend the initiative on the kingside.} 20. exf5 Bxg2 21.
Kxg2 Rxa3 {A simple, but nice tactic!} 22. Nxa3 Qa8+ 23. Qe4 Qxa3 24. fxe6 {
The e6-pawn is quite annoying, but White's pieces don't support it.} Nf6 25.
Qe2 $2 {Another mistake, which could have led to a quick loss.} ({A better
move was} 25. Qb7 Nd3 26. e7 Re8 27. Nb5 Qc5 28. Re3 Nxc1 29. Nc7 Qxc4 30. Nxe8
Nxe8 31. Qd7 {and the strong passer leaves White some practical chances.})
25... Qa8+ 26. f3 h5 $1 27. e7 {Now it's too late!} Re8 28. Ne4 (28. Nd5 Nxd5
29. cxd5 Rxe7 $19) 28... g4 $19 {Now White's king is too exposed.} 29. hxg4
hxg4 30. fxg4 Nfxg4 ({Even simpler was} 30... Rxe7 $1 31. g5 Nfd7 32. Kg1 Nc5
$19 {White cannot avoid major losses of material.}) 31. Qd1 Bh6 32. Rc3 Rxe7 $2
{Alas, after this natural move the lion's part of Black's advantage is spoiled.
} ({Instead, after the cool-blooded} 32... Kg7 $1 33. Re2 Rxe7 34. Qd5 Qe8 $1 {
Vladimir would have kept a decisive advantage.}) 33. Qd5+ Qxd5 34. cxd5 Ra7 ({
Possibly,} 34... Rd7 $5 {was more precise, but it would be very difficult to
make progress anyway.}) 35. Re2 Nf7 36. Kh3 $1 {Now Black cannot avoid further
simplifications.} Nge5 37. Nxd6 Nxd6 38. Rxe5 Bg7 39. Rg5 Ne4 40. Rc8+ Kh7 41.
Rh5+ Kg6 42. Rh4 Ng5+ 43. Kg2 Rxa2+ 44. Kf1 Ra1+ 45. Ke2 Ra2+ 46. Kf1 Ra1+ 47.
Ke2 Ra2+ 1/2-1/2

[Event "Candidates Tournament"]
[Site "Berlin"]
[Date "2018.03.19"]
[Round "8"]
[White "Grischuk, Alexander"]
[Black "Kramnik, Vladimir"]
[Result "1-0"]
[WhiteElo "2767"]
[BlackElo "2800"]
[Annotator "Krasenkow,M"]
[PlyCount "181"]
[EventDate "2018.03.10"]
[EventType "tourn"]
[EventRounds "14"]
[EventCountry "GER"]
[EventCategory "22"]
[SourceTitle "CBM 184"]
[Source "ChessBase"]
[SourceDate "2018.05.16"]
[SourceVersion "1"]
[SourceVersionDate "2018.05.16"]
[SourceQuality "1"]

1. c4 e6 2. Nc3 d5 3. d4 Nf6 4. Nf3 c5 5. e3 dxc4 6. Bxc4 a6 7. Bb3 b5 8. e4 {
A rare continuation instead of the common} (8. O-O) 8... cxd4 9. Nxd4 Bb7 (9...
Nbd7 $5 10. O-O Bb7 (10... Bc5 $5) 11. Bxe6 $5 fxe6 12. Nxe6 Qb6 13. Nd5 {
1-0 (31) Rasmussen,K (2437)-Matthiesen,A (2282) Aarhus 2003} Bxd5 14. exd5 Kf7
{and White has yet to prove his compensation for the sacrificed piece.}) 10. e5
$146 {[%mdl 8]} (10. O-O {leads to a well-known theoretical position usually
arising from another move order (8.0-0 Bb7 9.e4 cxd4 10.Nxd4).}) 10... Ne4 (
10... Nfd7 11. Bxe6 $1 Nxe5 $1 (11... fxe6 12. Nxe6 Qc8 13. O-O $40) 12. O-O
Bc5 13. Bd5 Bxd5 14. Nf5 O-O 15. Nxd5 {is quite dangerous for Black.}) ({
As well as} 10... Bc5 11. Nxe6 $1 Qxd1+ 12. Nxd1 fxe6 13. exf6 gxf6 14. Bxe6)
11. O-O (11. Nxe4 Bxe4 12. O-O {looks more appropriate as White can make use
of the c-file, e.g.} Nc6 13. Nxc6 Qxd1 14. Rxd1 Bxc6 15. Be3 Be7 16. Rac1 Rc8
17. Rc2 $14 {[%cal Yd1c1]}) 11... Nxc3 12. bxc3 Nc6 13. a4 Bc5 {Black decides
to sacrifice a pawn (hoping that White's extra c3-pawn will be insignificant)
but complete his development, which would be a problem if he played} (13... b4
14. a5 $1 $36) ({or} 13... Nxd4 14. cxd4 b4 15. a5 $36) 14. axb5 axb5 (14...
Nxd4 $2 15. cxd4 Bxd4 16. Ra4 Bxe5 17. Qh5 {(Chesspro.ru)}) 15. Rxa8 Bxa8 16.
Nxb5 O-O {[%mdl 512]} ({In the event of} 16... Nxe5 17. Qxd8+ Kxd8 18. Bg5+ f6
19. Be3 Bxe3 20. fxe3 Ke7 21. Ra1 {Black needs to work a while to equalise.})
17. Qxd8 Rxd8 18. Bf4 h6 19. h4 Ne7 $14 {Here, too, Black should be careful
although a draw is highly likely.} 20. Rd1 (20. Ra1 Bc6 21. Nd6 Rb8 $132) 20...
Rb8 21. Bc4 Bc6 22. Nd4 Be4 23. h5 Nd5 24. Bxd5 Bxd5 25. Be3 Rc8 26. Re1 Bc4
27. Nf3 Ba3 28. Bd4 Bd3 29. Nd2 Bb2 30. Nf1 (30. Re3 $142 Bf5 31. Nf1 $14)
30... Rc4 (30... Ba6 $5 {[%cal Rb2c3]} 31. Re3 Bc1 $132) 31. Re3 Bf5 $6 (31...
Bxc3 32. Bxc3 Rxc3 {leads to a draw as White is unable to make use of the pin,
e.g.} 33. f4 (33. Kh2 Rc1) 33... Kf8 34. g4 Ke7 35. f5 Ra3 36. Rf3 {and now
even} f6 $11) 32. Ng3 Bh7 33. Kh2 Bc1 34. Re2 Bf4 35. Kh3 Ra4 36. Kg4 Bc1 $6 {
It is more logical to go for an endgame with opposite-coloured bishops. Black
will not get such an opportunity anymore:} (36... Bxg3 37. Kxg3 Bf5 {[%cal
Yg7g6]}) 37. Kf3 $16 Bd3 38. Re1 Bb2 39. Ke3 Bc2 40. Kd2 Bb3 41. Rb1 Ra2 42.
Kd3 Ba4 43. Ne4 Ba3 44. Ke3 Bc2 45. Re1 Bb3 46. g4 Bd5 47. Kd3 Be7 48. Rb1 Ra8
49. f4 Bh4 50. Rh1 Bd8 51. Rb1 Bc7 52. Ke3 Kh7 53. Nd6 Kg8 ({Of course,} 53...
Bxd6 54. exd6 {when White gets another passed pawn, the outlook is poor for
Black despite the opposite-coloured bishops.}) 54. Rb5 Bc6 55. Rb4 Bd8 56. Bb6
Bh4 57. Bd4 Bg2 58. Rb2 Bc6 59. Rb6 Bg2 60. Rb2 Bc6 61. Rb3 Bg3 62. c4 Bh2 63.
f5 exf5 64. Nxf5 $6 {A strange decision giving Black good drawing chances.} (
64. gxf5 $142 {[%csl Ge5,Gf5]} f6 65. Rb6 $16) 64... Kh7 65. Bb2 Re8 66. Nd6
Re7 67. Rb8 f6 $1 68. Rc8 (68. Nf5 Re6) 68... Bh1 $2 (68... Bd7 69. Rc7 fxe5 {
looks ugly but in fact, White can't make progress here. If} 70. c5 (70. Ne4
Bf4+ 71. Kf2 Rf7 72. Nd6 e4 $1) {then} 70... e4 {[%cal Yh2g1]}) 69. Nf5 Rb7 (
69... Re6 {doesn't work anymore:} 70. Nh4 $5 {[%cal Rh4g6]} (70. Rc7 {is
strong, too}) 70... Ra6 (70... Bxe5 71. Ng6 Bxb2+ 72. Kf2 Bd4+ 73. Kg3 Re3+ 74.
Kh4 $18) (70... Bc6 71. Ng6 $18) (70... Rc6 71. Rxc6 Bxc6 72. exf6 $18) (70...
fxe5 71. Ng6 Rxg6 72. hxg6+ Kxg6 73. c5 $18) 71. Ng6 Ra8 72. Rxa8 Bg1+ (72...
Bxa8 73. Kf2 $5 {[%csl Rh2]}) 73. Ke2 Bxa8 74. exf6 gxf6 75. Bxf6 {and White
should win.}) 70. exf6 $2 (70. e6 $1 Rb3+ 71. Bc3 $1 Rxc3+ 72. Kd2 $18) 70...
Rb3+ 71. Bc3 gxf6 (71... Rxc3+ $4 72. Kd4 $18 {[%cal Rd4c3,Rf6g7]}) 72. Kd2
Bf4+ 73. Kc2 Rb8 74. Rxb8 Bxb8 {[%mdl 4096]} 75. Ne7 (75. Bxf6 Bf3) 75... Be4+
$6 (75... Bf3 $142 76. Nd5 Be5 $5 77. Bxe5 fxe5 78. Kd2 ({or} 78. Kd3 Kg7 79.
Ne3 Kf6 80. c5 Kg5 {(Chesspro.ru)}) 78... Kg7 79. Ne3 Kf6 80. c5 Kg5 81. Ke1
Kf4 82. Kf2 Bb7 {- White can't make any progress.}) 76. Kd2 Bf4+ $2 {The way
to a draw was not easy anymore:} (76... Bf3 $1 77. Nd5 Kg7 $3 78. Nxf6 (78.
Bxf6+ Kf7 79. g5 hxg5 80. h6 Kg6) 78... Bf4+ 79. Ke1 Bg3+ 80. Kf1 Kf7 {[%cal
Rg3h4]} 81. g5 hxg5 82. h6 Bf4 $1 {(this bishop must be protected in view of a
possible discovered check)} 83. Kf2 Bb7 84. h7 Kg7 $11) 77. Ke2 Kg7 78. Nf5+
Kf7 79. Bd2 $1 $18 {White wins a second pawn and the game.} Be5 80. Bxh6 Ke6
81. Be3 Bxf5 82. gxf5+ Kxf5 83. h6 Kg6 84. c5 f5 85. Kf3 Kf7 86. Bf4 Bd4 87. c6
Ke7 88. c7 Kd7 89. h7 Kc8 90. Ke2 Kd7 91. Kd3 (91. Kd3 Bf6 92. Kc4 {[%cal
Yc4d5,Yf4e5]}) 1-0

[Event "Candidates Tournament"]
[Site "Berlin"]
[Date "2018.03.24"]
[Round "12"]
[White "Grischuk, Alexander"]
[Black "Aronian, Levon"]
[Result "1/2-1/2"]
[WhiteElo "2767"]
[BlackElo "2794"]
[Annotator "Mekhitarian,K"]
[PlyCount "108"]
[EventDate "2018.03.10"]
[EventType "tourn"]
[EventRounds "14"]
[EventCountry "GER"]
[EventCategory "22"]
[SourceTitle "CBM 184"]
[Source "ChessBase"]
[SourceDate "2018.05.16"]
[SourceVersion "1"]
[SourceVersionDate "2018.05.16"]
[SourceQuality "1"]

1. e4 e5 2. Nf3 Nc6 3. Bb5 a6 4. Ba4 Nf6 5. O-O Be7 6. Re1 b5 7. Bb3 O-O 8. d3
d6 9. Bd2 $5 {A fresh idea from Grischuk. White stops ...Na5 for now and wants
to see Black's intentions before defining how to play on the queenside.} Kh8 {
This move looks odd to me. Maybe Aronian wanted to wait to see White's
intentions, but Grischuk just continues with natural moves. Later on Black has
ideas to play ...f5, but it seems way too early to think about it.} (9... Bg4
10. c3 $1 (10. h3 {was played in the debut game of the variation. 10.c3 as in
the Caruana - Aronian game, would be more challenging} Bxf3 11. Qxf3 Nd4 12.
Qd1 a5 13. c3 Nxb3 14. axb3 $11 {0-1 (40) Calzetta Ruiz,M (2317)-Atalik,E 
(2393) Turin 2006}) 10... d5 11. h3 Bh5 12. Qe2 Rb8 13. Bg5 {inviting Black to
take on e4:} dxe4 14. dxe4 h6 15. Bc1 $1 {now White threatens the typical
Nbd2-Nf1-Ng3 plan, which is normally very annoying after Black already had the
bishop placed on either g4 or h5. That's why it was understandable that
Aronian played it when the white bishop was on d2.} Bg6 16. Nbd2 Nh5 17. Nf1
Bc5 18. g3 Kh7 19. Kg2 Qe7 20. Bc2 $16 {1-0 (39) Caruana,F (2784)-Aronian,L 
(2794) Berlin 2018, and White achieved a big positional advantage, that later
turned into a tactical mess.}) (9... Bb7 {played exactly one day after the
Caruana-Aronian game} 10. a4 Nd4 11. Nxd4 exd4 12. c3 dxc3 13. Nxc3 Qd7 14. d4
$6 {this simply weakens the position.} (14. Ne2 $1 $14 {with the idea of Ng3,
White retains better prospects}) 14... b4 15. Nd5 Nxd5 16. Bxd5 Bxd5 17. exd5
Bf6 $6 (17... a5 {followed by ...Bf6 and ...Rfe8, Black is just fine.}) 18. Be3
$6 (18. Bxb4 $1 Qf5 19. Qf3 Qxf3 20. gxf3 Bxd4 21. Rac1 $14) 18... c6 19. Qb3
cxd5 20. Qxd5 Rac8 $11 {0-1 (38) Martirosyan,H (2586)-Kravtsiv,M (2685) Batumi
2018}) 10. h3 Nd7 11. Nc3 $5 (11. a4 $5 Bb7 12. axb5 axb5 13. Rxa8 Qxa8 14. Nc3
Nc5 15. Bd5 $14 (15. Nxb5 $6 {always gives decent compensation for Black after
ruining White's structure.} Nxb3 16. cxb3 Bd8 $132 {potentially followed by
f5! opening the line of the b7-bishop against the white king.})) 11... Na5 {
Black achieves a strategic goal in the Ruy Lopez, which is taking the
b3-bishop, but on the other hand, White installs a strong knight on d5.} 12.
Nd5 Nxb3 13. axb3 Bb7 14. c4 f5 (14... c6 $2 15. Ba5 $1 {is the key move,
Black is not able to play ...c6 kicking the knight away.}) 15. Ba5 Rc8 (15...
Bxd5 $2 {is always a huge strategic mistake. The light-squared bishop is
Black's pride here, he has to try to keep it at all costs.} 16. cxd5 $16 {
[%cal Ga1c1]}) 16. Rc1 (16. exf5 {looks promising, trying to open the position
when Black has somewhat passive pieces; but on the other hand, opening the
a8-h1 diagonal is usually dangerous. When we reach such conceptual dilemmas
while choosing a move, we have to strongly rely on our calculations. And we
have to remember, that we may let go of strategic advantages we have built up
to this point and change the character of a position.} Rxf5 17. d4 Nf6 $1 $132
{with complex play.} (17... Qf8 $5 $132)) 16... bxc4 (16... Nc5 $5 {similar to
the game, maybe keeping more flexibility. Black should not be scared of 17.
cxb5, opening the c-file, since the black knight will go to ...e6 next move,
controlling the c7-pawn.}) 17. bxc4 fxe4 18. dxe4 Nc5 19. Bc3 $5 (19. Re3 $5 {
not allowing Black to play ...Qe8 yet (White keeps an eye on c7). White's idea
is to play Bb4 next move, take on e7 and then play c5, ruining Black's
structure. In these lines, the rook will stand better on e3.} Ne6 {Another
standard move gets answered by a strong temporary pawn sacrifice:} 20. c5 $1
Nxc5 $2 (20... dxc5 21. Nxe7 Qxe7 22. Qb3 $1 Bc6 23. Qc3 $16 {followed by Qxe5}
) 21. Bxc7 $1 Rxc7 22. Nxc7 Qxc7 23. b4 $18) (19. Bb4 Ne6 20. Nxe7 (20. Nxe5 $2
c5 $1 $17) 20... Qxe7 21. c5 dxc5 22. Ba3 Rf4 $1 $132 {followed by ...Rcf8.})
19... Qe8 20. b4 Ne6 21. Bd2 c6 $2 (21... Bd8 {threatening c6} 22. c5 $1 {
when White retains some slight pressure.}) 22. Nxe7 Qxe7 23. Be3 $2 {White has
lost the chance to play c5 now and break Black's structure.} (23. c5 $1 dxc5
24. bxc5 {This is very dangerous in the long-term for Black - the e5-pawn is
weak, and White should win it without much trouble, after which he will have 4
pawns against 2 pawns on the kingside} Rcd8 {during the Press Conference,
Grischuk mentioned this move and said he wasn't sure how to evaluate the
position after 25.Nxe5 Nf4} 25. Re3 $1 (25. Nxe5 $6 Nf4 $1 $132) 25... Nxc5 26.
Qc2 Ne6 27. Ba5 {followed by Qb2, grabbing the e5-pawn, depending on where the
rook goes} Rd6 28. Qb2 Nd4 $2 (28... c5 29. Qxe5 $16 {[%csl Re4,Rf2,Rg2,Rg7,
Rh3,Rh7]}) 29. Bb4 $1 $18) 23... c5 $1 {Now there is no advantage for White,
Black is solid and the only weakness on d6 will not be a serious problem.} 24.
bxc5 Nxc5 25. Bxc5 Rxc5 26. Nd2 Bc8 27. Nf1 Be6 28. Ne3 $11 {The position has
simplified, both sides have improved their pieces to the best squares and the
outcome should be a draw.} Rc6 29. Qa4 Rfc8 30. Rb1 h6 31. Rb8 Rxc4 32. Rxc8+
Rxc8 33. Qxa6 Qc7 34. Rd1 Rd8 35. Qd3 Qc5 36. Kh2 Qc7 37. Kg1 Qc5 38. Rd2 Qc7
39. Qa3 Qe7 40. Rd1 Kh7 41. Qb4 Qc7 42. Rd3 Kg8 43. Qd2 Qe7 44. Kh2 Qf8 45. Kg1
Qe7 46. Qd1 Kh7 47. Rd2 Qf8 48. Rd3 Qe7 49. Rd2 Qf8 50. Nf1 Rd7 51. Ng3 Qb8 52.
Kh2 Qf8 53. Kg1 Qb8 54. Kh2 Qf8 1/2-1/2

[Event "Candidates Tournament"]
[Site "Berlin"]
[Date "2018.03.18"]
[Round "7"]
[White "Grischuk, Alexander"]
[Black "Mamedyarov, Shakhriyar"]
[Result "1/2-1/2"]
[WhiteElo "2767"]
[BlackElo "2809"]
[Annotator "Yermolinsky,A"]
[PlyCount "31"]
[EventDate "2018.03.10"]
[EventType "tourn"]
[EventRounds "14"]
[EventCountry "GER"]
[EventCategory "22"]
[SourceTitle "CBM 184"]
[Source "ChessBase"]
[SourceDate "2018.05.16"]
[SourceVersion "1"]
[SourceVersionDate "2018.05.16"]
[SourceQuality "1"]

1. d4 Nf6 2. c4 e6 3. Nf3 d5 4. Nc3 Bb4 5. Bg5 h6 6. Bh4 {True to his
uncompromising style and with the tournament situation in mind, Grischuk
chooses the sharpest continuation.} ({Of course,} 6. Bxf6 Qxf6 7. e3 O-O {
is safe for White, but Mamedyarov himself had a hard time proving White's
advantage in recent games against Radjabov and Yu Yangyi.}) 6... g5 $5 7. Bg3
Ne4 8. Qc2 (8. Qb3 {is an alternative, but after} Nc6 9. e3 h5 10. h4 g4 11.
Ne5 Bxc3+ 12. bxc3 Nxg3 13. fxg3 Nxe5 14. dxe5 {not too many people would find
White's pawn structure attractive.}) ({As in a similar position with the
exchange on d5 included, White isn't getting much out of a pawn sacrifice with
} 8. Nd2 Nxc3 9. bxc3 Bxc3 10. Rc1 {mainly because of the annoying} Bb2 $1)
8... h5 $1 {The point of Black's play. Facing the threat to his bishop White
is forced to weaken his pawns.} 9. h3 Nc6 $1 {Shakh demonstrates excellent
preparation.} ({The immediate} 9... Bxc3+ 10. bxc3 Nxg3 11. fxg3 Nc6 {allows
White to expand in the centre} 12. e4 $5 {Dubov-Brkic, 2016}) 10. e3 Bxc3+ 11.
bxc3 Nxg3 12. fxg3 Qd6 13. Qf2 {It's OK to repeat the position, but Grischuk
was burning time fast, even by his standards.} Qa3 14. Qc2 Qd6 15. Qf2 {
Very uncharacteristic of Alexander.} ({With} 15. Kf2 {which already was played
in Azmaiparashvili-Nikolaidis, 1996 White continues to fight.} h4 16. g4 Bd7
17. Bd3 {and his king isn't so bad.}) 15... Qa3 16. Qc2 1/2-1/2